| 000 | 00560cam a22002291 4500 | ||
|---|---|---|---|
| 001 | 8853825 | ||
| 005 | 20180122034632.0 | ||
| 008 | 720622s1953 enk d 000 0 eng | ||
| 010 | _a 54000776 | ||
| 015 | _aGB53-12582 | ||
| 035 | _a(OCoLC)338636 | ||
| 040 |
_aDLC _cODaWU _dOCoLC _dPPi _dUk _dDLC |
||
| 041 | _aeng | ||
| 042 | _apremarc | ||
| 080 | _a808.8 PRE | ||
| 082 | _a808.8 PRE | ||
| 100 | _a47 | ||
| 101 | _aEDU | ||
| 245 | 0 | 4 | _aThe Oxford dictionary of quotations. |
| 906 |
_a7 _bcbc _coclcrpl _du _encip _f19 _gy-gencatlg |
||
| 942 |
_2ddc _cBK |
||
| 999 |
_c40629 _d40629 |
||